000 00252nam a2200109Ia 4500
005 20251222121412.0
008 251222s1900||||xx |||||||||||||| ||spa||
082 _aDVD0070/F36A/1954
245 0 _aLa strada
264 _bZima Entertainment,
942 _cDVD
999 _c2555
_d2555